00391nam a2200121Ia 4500008004100000082001900041100001500060245005100075260003500126365000600161630005100167730005100218100415s9999 xx 000 0 und d b10365a599.735 aRanjitsinh aEcology and Behaviour of The Indian Black Buck aRAJKOTc1982bSAURASHTRA UNIV. b0 aEcology and Behaviour of The Indian Black Buck aEcology and Behaviour of The Indian Black Buck